El campo como medio ambiente urbano
Saved in:
| Hovedforfatter: | |
|---|---|
| Format: | Bog |
| Sprog: | spansk |
| Udgivet: |
Santiago
Departamento de Zootecnia de la Facultad de Agronomía de la Pontificia Universidad Católica de Chile
1984
|
| Serier: | Sistemas en Agricultura, 84 12
|
| Fag: | |
| Tags: |
Tilføj Tag
Ingen Tags, Vær først til at tagge denne postø!
|
MARC
| LEADER | 00000nam a2200000 a 4500 | ||
|---|---|---|---|
| 001 | UCG5391 | ||
| 003 | CL-VaPUC | ||
| 008 | 110303e19840000CL |||||||||||||||||spa|d | ||
| 082 | 0 | 4 | |a 711.4 |b GAS |2 21 |
| 100 | |a Gastó Coderch, Juan |e autor |9 757199 | ||
| 245 | 1 | 3 | |a El campo como medio ambiente urbano |
| 300 | |a 45 h | ||
| 942 | |c BK | ||
| 945 | |d 20110303 00:00:00 |a dcastane | ||
| 260 | |a Santiago |b Departamento de Zootecnia de la Facultad de Agronomía de la Pontificia Universidad Católica de Chile |c 1984 | ||
| 650 | 7 | |a DESARROLLO URBANO |2 CL-VaPUC |9 555071 | |
| 650 | 0 | |a Ordenamiento territorial |9 469387 | |
| 650 | 7 | |a MEDIO AMBIENTE URBANO |2 CL-VaPUC |9 359720 | |
| 650 | 0 | |a Desarrollo regional |9 354599 | |
| 650 | 7 | |a DESARROLLO URBANO |2 CL-VaPUC |9 555071 | |
| 650 | 7 | |a PREDIOS |2 CL-VaPUC |9 401213 | |
| 583 | |a last modification |c 20110303 00:00:00 |k Rodrigo Vera | ||
| 490 | 0 | |a Sistemas en Agricultura, 84 12 | |
| 999 | |c 343919 |d 343917 | ||
| 952 | |0 0 |1 0 |4 0 |6 711_400000000000000_GAS_1984 |7 0 |8 A |9 441623 |a BIBAGR |b BIBAGR |d 2019-11-22 |i 4751841 |o 711.4 GAS 1984 |p 4751841 |r 2025-01-20 |w 2019-11-22 |y BK |k AGR | ||